| 000 | 01051nam a2200325 c 4500 | ||
|---|---|---|---|
| 003 | BLK | ||
| 005 | 20190913121245.0 | ||
| 008 | 180911b bul|||||r ||||||| ||bul|| | ||
| 010 | _a003293 | ||
| 040 | _aBLK | ||
| 041 | _aDEU | ||
| 080 | _z101(430)(091)111.7 | ||
| 100 | 1 |
_aKANT, Immanuel _eпърви автор |
|
| 245 | 0 | 0 | _aKritik der reinen Vernunst |
| 246 | _aText der Ausg. 1781 | ||
| 250 | _a2. verb. Aufl | ||
| 260 |
_aLeipzig _bPhilipp Reclam _cs.a |
||
| 300 |
_aXXVI, 703, 32 с _c14 см |
||
| 380 | _a1 | ||
| 490 | _aUniv.-Bibl. | ||
| 490 |
_aЧастна колекция - Академик Михаил Арнаудов _gДарение - Основен фонд |
||
| 520 | _aМихаил Арнаудов: подпис | ||
| 520 | _aМихаил Арнаудов: негови-книга | ||
| 520 | _aДатиране на книгата : Септ.1899 | ||
| 655 | _aФилософия | ||
| 700 | 1 | _aImmanuel Kant | |
| 700 | 1 | _a Hrsg. von Karl Kehrbach | |
| 852 | _aМА 841 | ||
| 942 |
_cKNG _n0 |
||
| 944 |
_aCR _c1996 _kValK |
||
| 999 |
_c343632 _d343632 |
||